Doors Hotel+ Entity Quiz (Roblox) - Statistics

General Stats
  • This quiz has been taken 1,755 times
  • The average score is 20 of 26
Answer Stats
Hint Answer % Correct
Appears in Door 50 and 100 Figure
97%
Recurring entity that forces you to hide Rush
96%
Has no warning except sound and comes back multiple times Ambush
94%
Covered in black goo and can escape the crucifix Seek
93%
Has a purple glow and damages you when looked at Eyes
87%
Sometimes appears in closets or rarely rooms Jack
87%
Appears in dark rooms and had a plushie made for him Screech
86%
Forces you out of a hiding spot if you have been in for too long Hide
85%
Creates fake doors and deals 40 damage Dupe
84%
Appears when room generation fails Glitch
82%
Appears when looting and deals a small amount of damage Timothy
82%
Helps the player by creating blue light and giving tips Guiding Light
79%
Friendly entity that operates a shop, only appears at door 52 Jeff
79%
Skeleton that seems to have no purpose Bob
77%
Exclusive to The Rooms, spawns in a previous room and instantly kills A-60
75%
Has a small chance to appear outside a window, is also shown in the lobby Window
75%
Exclusive to The Rooms, can appear at any time and forces you to stop moving, however it is more likely to appear when other entities are nearby A-90
73%
Exclusive to The Rooms, spawns in the room ahead of you and forces you to run back and hide in a previous locker A-120
72%
Can be interacted with by the player and has multiple responses, only appears at door 52 El Goblino
72%
Has a very small chance to appear when a door has been opened Shadow
68%
Teleports you back to the main group and deals damage if you have fallen too far behind Void
68%
Rare entity that has a special room Halt
62%
Appears exclusively in the greenhouse and can stop you from moving for a few seconds while dealing 10 damage Snare
62%
Exclusive to The Rooms, gives tips on how to survive The Rooms entities Curious Light
53%
Can only be spawned by the Devs, emits the Trololo song TrollFace
45%
Can only be spawned by the Devs, has an image of kreekcraft Bald Kreek
42%
No matching quizzes found
Score Distribution
Percent of People with Each Score
Percentile by Number Answered
Your Score History
You have not taken this quiz